000 00356nam a22001337a 4500
003 LK-CoDNM
005 20240821115429.0
008 240821b |||||||| |||| 00| 0 eng d
040 _aLK-CoDNM
_dLK-CoDNM
_eLK-CoDNM
080 _bGP1961-61-Vol.6
245 _aCeylon administration reports
260 _aColombo
_bGovernment printers
_c1961-62
942 _cBK
999 _c148651
_d148651